[Event "1/64 Finale"]
[Site "www.chess-mail.com"]
[Date "2016.06.22"]
[Round "1"]
[White "Vitoriccardo"]
[Black "Bevittsmith"]
[WhiteElo "1980"]
[BlackElo "2290"]
[Result "1-0"]
[Round "1"]
1.e4 e6
2.d4 d5
3.Nb1c3 Bf8b4
4.a3 Bb4xc3
5.bxc3 c5
6.Qd1g4 Ng8f6
7.Qg4xg7 Rh8g8
8.Qg7h6 dxe4
9.Bc1g5 Nb8d7
10.Bf1b5 Rg8g6
11.Qh6h4 Qd8a5
12.Bb5xd7 Bc8xd7
13.Ng1e2 Ke7
14.O-O Ra8g8
15.Bg5xf6 Rg6xf6
16.Ne2f4 cxd4
17.Nf4h5 Qa5g5
18.Qh4xg5 Rg8xg5
19.Nh5xf6 Kxf6
20.cxd4 Bd7c6
21.g3 Rg5f5
22.c4 Rf5f3
23.Rf1e1 { resign }
1-0

[Event "Fast Game"]
[Site "www.echecsemail.com"]
[Date "2016.06.22"]
[Round "1"]
[White "Cal"]
[Black "Sportuga"]
[WhiteElo "1640"]
[BlackElo "1599"]
[Result "0-1"]
[Round "1"]
1.e4 c6
2.Nb1c3 d5
3.exd5 cxd5
4.d4 Ng8f6
5.h3 Bc8f5
6.Bc1g5 Nf6e4
7.Nc3xe4 Bf5xe4
8.c3 h6
9.Bg5h4 g5
10.Bh4g3 Bf8g7
11.Ng1e2 Nb8c6
12.a3 O-O
13.b4 Rf8e8
14.f3 Be4g6
15.Bg3h2 e5
16.b5 Nc6a5
17.a4 Na5c4
18.dxe5 Bg7xe5
19.Bh2xe5 Re8xe5
20.g3 Nc4b2
21.Qd1d4 Nb2d3
22.Kd2 Re5e7
23.Ne2g1 Nd3e5
24.Bf1g2 Ne5c4
25.Kd1 Nc4e3
26.Kc1 Ne3c2
27.Ng1e2 Nc2xd4
28.cxd4 Re7xe2
{ resign }
0-1

[Event "Tourn. n8824"]
[Site "www.chess-mail.com"]
[Date "2016.06.23"]
[Round "1"]
[White "Bojan"]
[Black "Cheminet"]
[WhiteElo "1990"]
[BlackElo "2040"]
[Result "0-1"]
[Round "1"]
1.c4 e6
2.a3 Ng8f6
3.b4 c5
4.b5 d5
5.Qd1c2 a6
6.Bc1b2 axb5
7.cxb5 Bf8d6
8.g3 Nb8d7
9.Bf1g2 Nd7e5
10.a4 Bc8d7
11.d4 Ne5c4
12.Bb2c3 O-O
13.Ng1f3 Nf6e4
14.Nb1d2 Nc4xd2
15.Nf3xd2 Ne4xc3
16.Qc2xc3 Ra8c8
17.O-O Qd8b6
18.dxc5 Bd6xc5
19.Qc3d3 Bc5d4
20.Ra1a2 Rc8a8
21.Nd2f3 Bd4f6
22.h4 Bd7xb5
23.Qd3b3 Qb6a6
24.Rf1e1 Bb5c4
25.Qb3a3 Bc4xa2
26.Qa3xa2 Qa6xa4
27.Qa2d2 g6
28.Qd2d3 b5
29.Re1b1 Ra8b8
30.Nf3h2 Qa4c4
31.Qd3d2 b4
32.Bg2f1 Rf8c8
33.e3 Qc4c2
34.Qd2e1 Bf6c3
35.Qe1e2 Qc2xb1
{ resign }
0-1

[Event "Tourn. n8757"]
[Site "www.chess-mail.com"]
[Date "2016.06.23"]
[Round "1"]
[White "Seger"]
[Black "Tartan"]
[WhiteElo "2760"]
[BlackElo "2340"]
[Result "1-0"]
[Round "1"]
1.d4 Ng8f6
2.Ng1f3 d5
3.e3 e6
4.c4 Bf8e7
5.b3 O-O
6.Bf1d3 Nb8d7
7.O-O b6
8.Bc1b2 Bc8b7
9.Nb1c3 c5
10.cxd5 Nf6xd5
11.Nc3xd5 Bb7xd5
12.Qd1e2 cxd4
13.Nf3xd4 Nd7c5
14.Bd3c2 f5
15.Ra1d1 Qd8d7
16.b4 Nc5a4
17.Bb2a1 Be7xb4
18.Nd4xe6 Qd7xe6
19.Rd1xd5 Na4c3
20.Ba1xc3 Bb4xc3
21.Rd5c5 { resign }
1-0

[Event "Tourn. n8832"]
[Site "www.chess-mail.com"]
[Date "2016.06.23"]
[Round "1"]
[White "Genius9"]
[Black "Kampungboy"]
[WhiteElo "1850"]
[BlackElo "1849"]
[Result "0-1"]
[Round "1"]
1.d4 Ng8f6
2.Bc1g5 Nf6e4
3.Bg5f4 c5
4.c3 Qd8b6
5.dxc5 Qb6xb2
6.Nb1d2 Ne4xc3
7.Qd1c1 Qb2xc1
{ resign }
0-1

[Event "Tourn. n8738"]
[Site "www.chess-mail.com"]
[Date "2016.06.23"]
[Round "1"]
[White "Bira47"]
[Black "Genius7"]
[WhiteElo "1950"]
[BlackElo "1840"]
[Result "0-1"]
[Round "1"]
1.c4 g6
2.g3 e5
3.Bf1g2 Bf8g7
4.Nb1c3 Nb8c6
5.a3 a6
6.e3 Ng8e7
7.Ng1e2 d6
8.Nc3d5 O-O
9.O-O Bc8e6
10.d4 Ra8b8
11.b4 exd4
12.Ne2xd4 Nc6xd4
13.exd4 Be6xd5
14.cxd5 Ne7f5
15.Bc1b2 Rf8e8
16.Qd1d2 Qd8d7
17.Rf1e1 Re8xe1
18.Qd2xe1 Rb8e8
19.Qe1d2 h5
20.h4 Bg7h6
21.Qd2d3 Qd7e7
22.Ra1d1 Qe7e2
23.Bg2f1 Qe2xb2
24.g4 hxg4
25.Rd1d2 Qb2xd2
26.Qd3xd2 Bh6xd2
 { time }
0-1

[Event "Tourn. n8712"]
[Site "www.chess-mail.com"]
[Date "2016.06.23"]
[Round "1"]
[White "Matchbox"]
[Black "Fabos12"]
[WhiteElo "1780"]
[BlackElo "1810"]
[Result "0-1"]
[Round "1"]
1.d4 d5
2.c4 Ng8f6
3.cxd5 Nf6xd5
4.Ng1f3 Bc8g4
5.Nb1d2 g6
6.g3 Bf8g7
7.Bf1g2 Nb8d7
8.O-O O-O
9.e4 Nd5b6
10.Qd1c2 Ra8c8
11.h3 Bg4xf3
12.Nd2xf3 e5
13.dxe5 Nd7xe5
14.Bc1f4 Ne5xf3
15.Bg2xf3 f5
16.exf5 Rf8xf5
17.Bf3g4 Rf5xf4
18.gxf4 Rc8b8
19.Ra1d1 Qd8f6
20.Qc2xc7 Rb8f8
21.Qc7xb7 Rf8f7
22.Qb7b8 Bg7f8
23.Rf1e1 Kg7
24.Re1e2 Qf6xf4
25.Qb8xf4 Rf7xf4
26.Kg2 h5
27.Bg4f3 Rf4f6
28.Re2c2 Rf6d6
 { time }
0-1

[Event "Tourn. n8794"]
[Site "www.chess-mail.com"]
[Date "2016.06.23"]
[Round "1"]
[White "Gegonz"]
[Black "Genius9"]
[WhiteElo "1660"]
[BlackElo "1820"]
[Result "0-1"]
[Round "1"]
1.b3 c5
2.Bc1b2 Nb8c6
3.f4 d6
4.e4 Ng8f6
5.d3 g6
6.Ng1f3 Bf8g7
7.Bf1e2 O-O
8.Nb1d2 Bc8g4
9.O-O a6
 { time }
0-1

[Event "Tourn. n8833"]
[Site "www.chess-mail.com"]
[Date "2016.06.23"]
[Round "1"]
[White "Estonia"]
[Black "Kampungboy"]
[WhiteElo "2000"]
[BlackElo "2009"]
[Result "0-1"]
[Round "1"]
1.d4 Ng8f6
2.c4 g6
3.Nb1c3 Bf8g7
4.e4 d6
5.Ng1f3 O-O
6.Bf1e2 c5
7.d5 a6
8.O-O e6
9.Bc1g5 Qd8c7
10.Qd1c2 exd5
11.exd5 Bc8f5
12.Be2d3 Bf5xd3
13.Qc2xd3 Nb8d7
14.Rf1e1 Nf6g4
15.h3 Ng4e5
16.Nf3xe5 Nd7xe5
17.Qd3f1 b5
18.Ra1d1 Ne5xc4
19.Bg5c1 Qc7a5
20.a3 Nc4xa3
21.Bc1f4 Na3c4
22.Nc3e4 Nc4xb2
23.Rd1b1 c4
24.Bf4xd6 Rf8e8
25.Ne4c5 Qa5b6
26.Nc5e4 Re8xe4
27.Re1xe4 Qb6xd6
28.Re4e2 Nb2d3
29.Re2a2 Qd6xd5
30.Ra2d2 a5
31.Qf1d1 a4
32.Rd2a2 a3
33.Qd1f3 Qd5xf3
34.gxf3 b4
35.Rb1d1 b3
{ resign }
0-1

[Event "Tourn. n8769"]
[Site "www.chess-mail.com"]
[Date "2016.06.23"]
[Round "1"]
[White "Leo57"]
[Black "Yangqi"]
[WhiteElo "2790"]
[BlackElo "2690"]
[Result "1-0"]
[Round "1"]
1.c4 g6
2.d4 Bf8g7
3.e4 c5
4.d5 e5
5.Nb1c3 d6
6.Bf1d3 Ng8e7
7.h4 h5
8.a3 a6
9.b4 Nb8d7
10.Ng1f3 O-O
11.O-O b6
12.Ra1b1 Nd7f6
13.Qd1b3 Bc8g4
14.Nf3h2 Bg4d7
15.bxc5 bxc5
16.Qb3b7 Qd8a5
17.Bc1d2 Rf8b8
18.Qb7xb8 Ra8xb8
19.Rb1xb8 Bd7c8
20.Rb8b3 Kh7
21.Nh2f3 Bg7h6
22.Nf3g5 Kg8
23.Rf1b1 Nf6d7
24.Rb1b2 Bh6g7
25.g3 Bg7f6
26.Ng5e6 fxe6
27.dxe6 Qa5c7
28.exd7 Qc7xd7
29.Rb3b8 Ne7c6
30.Nc3d5 Bf6d8
31.Rb8a8 Kg7
32.Bd3f1 Nc6d4
33.Rb2b8 Nd4f3
34.Kh1 Nf3xd2
35.Rb8xc8 Nd2xf1
36.Rc8xd8 Qd7f7
37.Ra8c8 Nf1xg3
38.Kg2 { resign }
1-0

[Event "Tourn. n8766"]
[Site "www.chess-mail.com"]
[Date "2016.06.23"]
[Round "1"]
[White "Nulladies"]
[Black "Azulmarino"]
[WhiteElo "1499"]
[BlackElo "1480"]
[Result "1-0"]
[Round "1"]
1.d4 d5
2.Ng1f3 e6
3.Bc1f4 Nb8c6
4.e3 Bf8e7
5.Bf1d3 Ng8f6
6.c3 Bc8d7
7.Nf3e5 Be7d6
8.Nb1d2 Nc6xe5
9.dxe5 Nf6e4
10.exd6 cxd6
11.Nd2xe4 dxe4
12.Bd3xe4 Qd8b6
13.Qd1xd6 Qb6xb2
14.O-O Ra8d8
15.Qd6b4 Qb2xb4
16.cxb4 Bd7b5
17.Rf1d1 Rd8c8
18.Be4xb7 Rc8c4
19.a4 Bb5xa4
20.Ra1xa4 O-O
21.g3 h6
22.Rd1d4 Rc4c3
23.Ra4xa7 g5
24.Bf4e5 Rc3c1
25.Kg2 g4
26.b5 f6
27.Rd4xg4 Kh8
28.Bb7e4 fxe5
29.Rg4g7 Rc1c4
30.Rg7h7 Kg8
31.Ra7g7 
1-0

[Event "Tourn. n8841"]
[Site "www.chess-mail.com"]
[Date "2016.06.23"]
[Round "1"]
[White "Pimpampum"]
[Black "Frisker"]
[WhiteElo "2190"]
[BlackElo "2119"]
[Result "0-1"]
[Round "1"]
1.Ng1f3 d5
2.d4 Ng8f6
3.c4 g6
4.cxd5 Nf6xd5
5.e4 Nd5b6
6.h3 Bf8g7
7.Bf1b5 Bc8d7
8.Bb5e2 O-O
9.O-O Qd8c8
10.Nb1c3 c6
11.Bc1g5 Rf8e8
12.a4 h6
13.Bg5f4 Bd7e6
14.b3 a5
15.Ra1c1 Qc8d8
16.Qd1d2 Kh7
17.Qd2c2 Nb8a6
18.Rf1d1 Na6b4
19.Qc2b1 f5
20.d5 cxd5
21.Nc3xd5 Nb6xd5
22.exd5 Be6xd5
23.Be2b5 Ra8c8
24.Bb5xe8 Qd8xe8
25.Nf3d2 e5
26.Bf4e3 Bd5c6
27.Nd2c4 Bc6e4
28.Qb1b2 Qe8e7
29.Qb2e2 Be4d5
30.Be3b6 e4
31.Bb6xa5 Nb4d3
32.Rc1c2 Rc8e8
33.Ba5c3 Qe7g5
34.Bc3xg7 Kxg7
35.h4 Qg5xh4
36.Rc2d2 Qh4g5
37.g3 Re8e7
38.Qe2e3 f4
39.Qe3d4 Kh7
40.Rd2xd3 exd3
41.Qd4xd3 Bd5e4
42.Qd3d6 fxg3
43.Qd6xg3 Qg5h5
{ resign }
0-1

[Event "Match"]
[Site "www.echecsemail.com"]
[Date "2016.06.23"]
[Round "1"]
[White "Snickers"]
[Black "Heiserman"]
[WhiteElo "2060"]
[BlackElo "2290"]
[Result "0-1"]
[Round "1"]
1.Ng1f3 Ng8f6
2.c4 e5
3.Nf3xe5 Bf8e7
4.d4 O-O
5.e3 d6
6.Ne5f3 Bc8g4
7.Bf1e2 Nb8d7
8.Nb1c3 c5
9.O-O Ra8c8
10.b3 d5
11.Nc3xd5 Nf6xd5
12.cxd5 Bg4xf3
13.Be2xf3 cxd4
14.exd4 Nd7f6
15.Bc1b2 Nf6xd5
16.Rf1e1 Rc8c7
17.Bf3xd5 Qd8xd5
18.Re1e5 Qd5d6
19.g3 Be7f6
20.Re5e2 g6
21.a4 Rf8d8
22.Re2d2 Qd6d5
23.b4 Rc7c4
 { time }
0-1

[Event "Match"]
[Site "www.echecsemail.com"]
[Date "2016.06.23"]
[Round "1"]
[White "Genius4"]
[Black "Dox"]
[WhiteElo "1720"]
[BlackElo "1809"]
[Result "1-0"]
[Round "1"]
1.Ng1f3 d5
2.d4 Ng8f6
3.Nb1d2 Bc8f5
4.e3 e6
5.c4 c6
6.Bf1e2 Nb8d7
7.O-O Bf8d6
8.b3 h6
9.Bc1b2 O-O
10.a3 a5
11.Rf1e1 Qd8e7
12.c5 Bd6c7
13.b4  { time }
1-0

[Event "Match"]
[Site "www.echecsemail.com"]
[Date "2016.06.23"]
[Round "1"]
[White "Moti123"]
[Black "Tomcapp"]
[WhiteElo "1499"]
[BlackElo "1550"]
[Result "0-1"]
[Round "1"]
1.e4 e5
2.Qd1h5 Nb8c6
3.Bf1c4 g6
4.Qh5f3 Ng8f6
5.d3 Bf8g7
6.g4 O-O
7.g5 Nf6h5
8.Nb1c3 Nc6d4
9.Qf3d1 a6
10.Nc3d5 d6
11.c3 Nd4e6
12.Ng1h3 Ne6f4
13.Nd5xf4 exf4
14.Rh1g1 Bc8xh3
15.Bc4d5 c6
16.Bd5c4 b5
17.Bc4b3 c5
18.Qd1f3 Bh3e6
19.Bc1xf4 Be6xb3
20.axb3 a5
21.b4 cxb4
22.cxb4 a4
23.Qf3e3 Nh5xf4
24.Qe3xf4 Rf8e8
25.d4 d5
26.e5 Ra8c8
27.Ke2 Rc8c2
28.Kd3 Rc2xb2
29.Kc3 a3
30.Ra1xa3 Rb2e2
31.Ra3a7 Qd8c8
32.Kb3 Qc8c2
 { time }
0-1

[Event "Match"]
[Site "www.echecsemail.com"]
[Date "2016.06.23"]
[Round "1"]
[White "Toblakay"]
[Black "Steel"]
[WhiteElo "2200"]
[BlackElo "1809"]
[Result "0-1"]
[Round "1"]
1.d4 d5
2.c4 Ng8f6
3.Nb1c3 e6
4.cxd5 exd5
5.Bc1g5 c6
6.Qd1c2 h6
7.Bg5h4 Bc8e6
8.e3 Bf8d6
9.Bf1d3 O-O
10.Ng1e2 Nb8d7
11.O-O Bd6xh2
12.Kh1 Bh2c7
13.b4 Ra8c8
14.Ne2f4 g5
15.Nf4xe6 fxe6
16.Bh4g3 Bc7xg3
17.fxg3 Nf6h5
{ resign }
0-1

[Event "Match"]
[Site "www.echecsemail.com"]
[Date "2016.06.23"]
[Round "1"]
[White "Genius7"]
[Black "Ipolit"]
[WhiteElo "1820"]
[BlackElo "1499"]
[Result "0-1"]
[Round "1"]
1.d4 d5
2.Bc1f4 Ng8f6
3.e3 e6
4.c3 Bf8d6
5.Bf1d3 Bd6xf4
6.exf4 Qd8d6
7.g3 c5
8.dxc5 Qd6xc5
9.Ng1e2 Nb8c6
10.O-O O-O
11.Nb1d2 e5
12.Nd2b3 Qc5b6
13.fxe5 Nc6xe5
14.Ne2d4 Bc8h3
15.Rf1e1 Ne5xd3
16.Qd1xd3 Nf6e4
17.Qd3e3 Ra8e8
18.Qe3d3 a6
19.Re1e2 f5
20.Ra1e1 Qb6g6
21.Nb3d2 f4
22.Nd2xe4 dxe4
23.Re2xe4 fxg3
24.hxg3 Qg6f7
25.f4 Re8d8
26.Qd3c2 Qf7g6
27.Kh2 Qg6h6
28.Kg1 Qh6g6
29.Kh2 Qg6h6
30.Kg1 Qh6g6
31.Kh2 Qg6h6
32.Kg1 Qh6g6
 { time }
0-1

[Event "Match"]
[Site "www.echecsemail.com"]
[Date "2016.06.23"]
[Round "1"]
[White "Norwich"]
[Black "Susov"]
[WhiteElo "1690"]
[BlackElo "1890"]
[Result "0-1"]
[Round "1"]
1.e4 e5
2.Bf1c4 Ng8f6
3.d3 Nb8c6
4.Ng1f3 h6
5.O-O Bf8c5
6.Nb1c3 a6
7.a3 d6
8.Bc1e3 Bc5xe3
9.fxe3 Bc8g4
10.Qd1e1 b5
11.Bc4b3 O-O
12.Qe1g3 Qd8d7
13.Nf3h4 Nc6e7
14.h3 Bg4e6
15.Rf1xf6 Be6xb3
16.cxb3 Kh7
17.Rf6f1 c5
18.Nh4f5 Ne7g6
19.Nc3d5 Qd7d8
20.h4 h5
21.Qg3f3 Ng6xh4
22.Nf5xh4 Qd8xh4
23.Qf3h3 Qh4xh3
24.gxh3 g5
25.Rf1f6 Kg7
26.Rf6xd6 g4
27.hxg4 h4
28.Ra1f1 h3
29.Kh2 Rf8h8
30.Rf1f3 Rh8h4
31.Rf3xh3 Rh4xg4
32.Rh3g3 Ra8h8
33.Kg2 Rg4xg3
34.Kxg3 Rh8h1
35.Rd6xa6 Rh1b1
36.b4 cxb4
37.axb4 Rb1xb2
38.Ra6b6 Rb2b3
39.Rb6xb5 Rb3xd3
40.Kf2 Kf8
41.Rb5b8 Kg7
42.b5 Rd3b3
43.b6 Kg6
 { time }
0-1

[Event "Eq:Slap Shot Mates-chibcha : "]
[Site "www.chess-mail.com"]
[Date "2016.06.23"]
[Round "1"]
[White "Karlgrocer"]
[Black "Witpar"]
[WhiteElo "2050"]
[BlackElo "2700"]
[Result "0-1"]
[Round "1"]
1.Ng1f3 Ng8f6
2.e3 g6
3.Bf1e2 Bf8g7
4.O-O O-O
5.b3 c5
6.Bc1b2 Nb8c6
7.c4 d5
8.cxd5 Qd8xd5
9.Nb1c3 Qd5f5
10.Nc3b5 a6
11.Nb5c3 b5
12.Qd1b1 Qf5xb1
13.Ra1xb1 Rf8d8
14.d3 Bc8f5
15.e4 Bf5g4
16.h3 Bg4xf3
17.Be2xf3 Rd8xd3
18.e5 Rd3xf3
19.gxf3 Nc6xe5
20.Kg2 Ne5d3
21.Bb2a1 Nd3f4
22.Kh2 Nf6d5
23.Nc3xd5 Nf4xd5
24.Ba1xg7 Kxg7
25.Rb1c1 Ra8c8
26.Rf1d1 e6
27.a3 Kf6
28.Rd1d2 c4
29.bxc4 bxc4
30.Rd2d4 c3
31.Rd4a4 Rc8c6
32.Ra4g4 h5
33.Rg4a4 e5
34.Kg3 c2
35.Ra4e4 Nd5c3
36.Re4e1 Nc3a2
37.Rc1a1 c1Q
{ resign }
0-1

[Event "Fast Game"]
[Site "www.echecsemail.com"]
[Date "2016.06.23"]
[Round "1"]
[White "Genius9"]
[Black "Cal"]
[WhiteElo "1469"]
[BlackElo "1630"]
[Result "0-1"]
[Round "1"]
1.Ng1f3 d5
2.g3 c6
3.d4 h6
4.Bf1g2 Ng8f6
5.O-O e6
6.b3 Bf8d6
7.Bc1b2 a6
8.Nb1d2 b5
9.Nf3e5 Bd6xe5
10.dxe5 Nf6h7
11.Nd2f3 O-O
12.a4 c5
13.axb5 a5
14.e3 Bc8b7
15.Rf1e1 Qd8b6
16.c3 { time. }
0-1

[Event "Tourn. n8825"]
[Site "www.chess-mail.com"]
[Date "2016.06.24"]
[Round "1"]
[White "Kampungboy"]
[Black "Jhzes"]
[WhiteElo "1699"]
[BlackElo "1830"]
[Result "1-0"]
[Round "1"]
1.e4 e5
2.Ng1f3 Nb8c6
3.d4 d5
4.Nf3xe5 dxe4
5.Bf1b5 Bc8d7
6.Bb5xc6 Bd7xc6
7.Nb1c3 f5
8.Qd1h5 Ke7
9.Qh5f7 Kd6
10.Ne5c4 { resign }
1-0

[Event "Tourn. n8810"]
[Site "www.chess-mail.com"]
[Date "2016.06.24"]
[Round "1"]
[White "Fkarpov"]
[Black "Derfel83"]
[WhiteElo "2080"]
[BlackElo "2060"]
[Result "1-0"]
[Round "1"]
1.e4 e6
2.e5 d5
3.Ng1f3 c5
4.Bf1b5 Bc8d7
5.Bb5e2 Nb8c6
6.O-O Qd8c7
7.d4 a6
8.c3 Ng8e7
9.Be2d3 cxd4
10.cxd4 Qc7b6
11.Bd3c2 Nc6b4
12.a3 Nb4xc2
13.Qd1xc2 Ra8c8
14.Qc2d2 Bd7b5
15.Rf1d1 Ne7c6
16.Qd2f4 Bf8e7
17.Nb1c3 Bb5e2
18.Nc3xe2 { resign }
1-0

[Event "Tourn. n8822"]
[Site "www.chess-mail.com"]
[Date "2016.06.24"]
[Round "1"]
[White "Gegonz"]
[Black "Gatrooper"]
[WhiteElo "1650"]
[BlackElo "1600"]
[Result "0-1"]
[Round "1"]
1.b3 e5
2.Bc1b2 d5
3.Bb2xe5 Bf8d6
4.Be5xg7 Ng8f6
5.Bg7xh8 Bd6e5
6.d4 Be5d6
7.Ng1f3 Bd6b4
8.c3 Bb4d6
 { time }
0-1

[Event "Tourn. n8727"]
[Site "www.chess-mail.com"]
[Date "2016.06.24"]
[Round "1"]
[White "Genius3"]
[Black "Jftgalloso"]
[WhiteElo "1680"]
[BlackElo "1870"]
[Result "1-0"]
[Round "1"]
1.Nb1c3 e6
2.e4 c5
3.Ng1f3 a6
4.d4 cxd4
5.Nf3xd4 Nb8c6
6.Bc1e3 Qd8c7
7.a3 Ng8f6
8.Bf1e2 g6
9.O-O Bf8g7
10.Nd4xc6 Qc7xc6
11.Be2f3 e5
12.Nc3d5 Nf6xd5
13.exd5 Qc6f6
14.Qd1d2 d6
15.c4 O-O
16.Be3g5  { time }
1-0

[Event "Tourn. n8737"]
[Site "www.chess-mail.com"]
[Date "2016.06.24"]
[Round "1"]
[White "Falcoale"]
[Black "Neo"]
[WhiteElo "1760"]
[BlackElo "1780"]
[Result "1-0"]
[Round "1"]
1.e4 e5
2.Ng1f3 d6
3.Bf1c4 b6
4.d3 Bc8b7
5.O-O Nb8c6
6.a3 Qd8e7
7.Nb1c3 O-O-O
8.Nf3g5 Ng8h6
9.f4 exf4
10.Bc1xf4 Kb8
11.Nc3d5 Qe7d7
12.c3 f6
13.Ng5f3 Nh6f7
14.Nd5b4 Nc6e5
15.Nf3xe5 fxe5
16.Bf4e3 Nf7h6
17.Qd1b3 Bf8e7
18.a4 Nh6g4
19.Bc4e6 Qd7e8
20.Be6xg4 g5
21.a5 h6
22.axb6 axb6
23.Qb3a3 c5
24.Nb4a6 Bb7xa6
25.Qa3xa6 Kc7
26.Qa6a7 Kc6
27.Ra1a6 Rd8b8
28.b4 cxb4
29.cxb4 Kb5
30.Bg4d7 { resign }
1-0

[Event "Tourn. n8831"]
[Site "www.chess-mail.com"]
[Date "2016.06.24"]
[Round "1"]
[White "Kampungboy"]
[Black "Knightjumper"]
[WhiteElo "1849"]
[BlackElo "1630"]
[Result "1-0"]
[Round "1"]
1.e4 c5
2.d4 cxd4
3.c3 d5
4.exd5 Qd8xd5
5.cxd4 Nb8c6
6.Ng1f3 Bc8g4
7.Nb1c3 Qd5d7
8.d5 Bg4xf3
9.gxf3 { resign }
1-0

[Event "Tourn. n8812"]
[Site "www.chess-mail.com"]
[Date "2016.06.24"]
[Round "1"]
[White "Raven16"]
[Black "Paaliaq"]
[WhiteElo "2220"]
[BlackElo "2520"]
[Result "0-1"]
[Round "1"]
1.d4 Ng8f6
2.c4 c5
3.d5 b5
4.cxb5 a6
5.bxa6 g6
6.Nb1c3 Bc8xa6
7.e4 Ba6xf1
8.Kxf1 d6
9.Ng1f3 Nb8d7
10.g3 Bf8g7
11.Kg2 O-O
12.a4 Qd8c7
13.Nc3b5 Qc7b7
14.Qd1e2 Nd7b6
15.Nb5c3 Nf6d7
16.Bc1g5 Bg7xc3
17.bxc3 Ra8xa4
18.Ra1xa4 Nb6xa4
19.Qe2c2 Nd7b6
20.c4 Rf8a8
21.Rh1e1 f6
22.Bg5c1 Nb6d7
23.Nf3d2 Na4b6
24.Bc1b2 Ra8a2
25.Re1a1 Qb7a8
26.Ra1xa2 Qa8xa2
27.Qc2c1 Nd7e5
28.Bb2xe5 fxe5
29.Kf3 Kf7
30.Ke3 g5
31.Qc1c3 g4
32.Qc3b3 Qa2xb3
33.Nd2xb3 Nb6xc4
34.Kd3 Nc4a3
35.Kc3 Na3b5
36.Kd3 Nb5d4
37.Nb3d2 Ke8
38.Ke3 Kd7
39.f4 gxf3
40.Nd2xf3 Nd4xf3
{ resign }
0-1

[Event "Tourn. n8766"]
[Site "www.chess-mail.com"]
[Date "2016.06.24"]
[Round "1"]
[White "Gatrooper"]
[Black "Nulladies"]
[WhiteElo "1490"]
[BlackElo "1499"]
[Result "0-1"]
[Round "1"]
1.e4 c5
2.c4 g6
3.h3 Nb8c6
4.Ng1f3 Bf8g7
5.a3 d6
6.d3 Ng8f6
7.Nb1c3 O-O
8.Nc3b5 a6
9.Nb5c3 Ra8b8
10.Bc1g5 h6
11.Bg5xf6 Bg7xf6
12.h4 Bc8g4
13.Bf1e2 Qd8a5
14.Nf3h2 Bf6xc3
15.bxc3 Qa5xc3
16.Kf1 Bg4xe2
17.Kxe2 Nc6d4
18.Kf1 f5
19.Ra1c1 Qc3xa3
20.Rc1a1 Qa3b2
21.Ra1b1 Qb2c3
22.Rb1c1 Qc3a5
23.Rc1a1 Qa5b4
24.exf5 Rf8xf5
25.f3 Rf5f4
26.Ra1b1 Qb4c3
27.Rb1c1 Qc3a5
28.g3 Rf4f7
29.f4 e5
30.Rc1a1 Qa5c7
31.Nh2g4 Kg7
32.h5 Nd4f5
33.hxg6 Kxg6
34.Qd1c2 h5
35.Qc2h2 Rf7h7
36.Ng4f2 Qc7d7
37.Qh2g2 Nf5e3
38.Kg1 Ne3xg2
39.Kxg2 exf4
40.gxf4 Qd7c6
41.Kg1 Rb8g8
42.Kh2 Qc6f3
43.Rh1g1 Kf7
44.Ra1a2 Qf3xf4
45.Kh1 Qf4h4
46.Nf2h3 Qh4xh3
47.Ra2h2 Qh3f3
48.Rh2g2 Rg8g4
49.d4 Rg4h4
{ resign }
0-1

[Event "Tourn. n8721"]
[Site "www.chess-mail.com"]
[Date "2016.06.24"]
[Round "1"]
[White "Azulmarino"]
[Black "Mrmoto"]
[WhiteElo "1440"]
[BlackElo "1560"]
[Result "0-1"]
[Round "1"]
1.e4 c5
2.c4 Nb8c6
3.a3 d6
4.Ng1f3 Bc8g4
5.Bf1e2 g6
6.h3 Bg4d7
7.d3 Bf8g7
8.Nf3g5 Qd8b6
9.Nb1c3 h6
10.Ng5f3 Ng8f6
11.Nc3a4 Qb6c7
12.Bc1f4 e5
13.Na4c3 exf4
14.Nc3b5 Qc7b8
15.Nb5c3 O-O
16.Nc3b5 a6
17.Nb5c3 b5
18.Qd1d2 Nc6a5
19.Qd2c2 Bd7e6
20.cxb5 Be6b3
21.Qc2d2 axb5
22.Qd2xf4 c4
23.g4 g5
24.Qf4f5 Qb8e8
25.d4 Bb3c2
26.Nc3d5 Bc2xe4
27.Nd5xf6 Bg7xf6
28.Qf5xf6 Na5b3
29.Ra1d1 Be4d5
30.Qf6xh6 Bd5xf3
31.Qh6xg5 Kh7
32.Qg5f5 Kh8
33.Qf5xf3 Qe8e6
34.d5 Qe6e5
35.Kf1 Nb3d4
36.Rd1xd4 Qe5xd4
37.Qf3f5 Qd4e5
38.Qf5xe5 dxe5
39.Kg2 Rf8d8
40.Be2f3 b4
41.axb4 Ra8b8
42.Rh1d1 Rb8xb4
43.d6 Rb4xb2
44.Bf3e4 c3
45.g5 c2
46.Rd1c1 Rd8xd6
47.Be4xc2 Rd6d2
48.Bc2e4 Rd2xf2
49.Kg3 Rf2f4
50.Rc1c8 Kg7
51.Be4f3 Rb2b3
52.Rc8e8 Rf4xf3
53.Kg4 Rf3f4
{ resign }
0-1

[Event "Tourn. n8791"]
[Site "www.chess-mail.com"]
[Date "2016.06.24"]
[Round "1"]
[White "Gegonz"]
[Black "Esperanza"]
[WhiteElo "1660"]
[BlackElo "1819"]
[Result "0-1"]
[Round "1"]
1.Ng1f3 Ng8f6
2.e3 g6
3.d4 Bf8g7
4.c4 O-O
5.Nb1c3 d6
6.g3 Nb8d7
7.Bf1g2 e5
8.O-O c6
9.Qd1c2 Rf8e8
10.b4 Nd7f8
11.Bc1b2 Bc8f5
12.e4 Bf5g4
13.dxe5 dxe5
14.Ra1d1 Qd8c8
15.a4 Bg4h3
 { time }
0-1

[Event "Tourn. n8760"]
[Site "www.chess-mail.com"]
[Date "2016.06.24"]
[Round "1"]
[White "Cal"]
[Black "Gatrooper"]
[WhiteElo "1560"]
[BlackElo "1480"]
[Result "0-1"]
[Round "1"]
1.c4 c5
2.Nb1c3 Ng8f6
3.e4 Nb8c6
4.h3 Nc6d4
5.d3 e5
6.Bc1e3 Nd4c6
7.Ng1f3 h6
8.a3 a6
9.Bf1e2 d6
10.O-O Bc8d7
11.Nf3h4 Bf8e7
12.f4 g5
13.fxg5 hxg5
14.Be3xg5 Qd8c7
15.Bg5xf6 Be7xf6
16.Nh4f5 Bd7xf5
17.Rf1xf5 Qc7d8
18.Nc3d5 Nc6e7
19.Nd5xf6 Kf8
20.Rf5g5 Ne7g8
21.Be2h5 Ng8xf6
22.Bh5f3 Nf6xe4
23.dxe4 Qd8xg5
24.b4 Rh8xh3
25.Qd1xd6 Kg8
26.Kf2 Rh3h2
27.Qd6xc5 Qg5d2
28.Kg3 Qd2h6
29.Kf2 Qh6d2
30.Kg3 Qd2f4
31.Kf2 Ra8d8
32.Ra1e1 Qf4h4
33.Ke2 Qh4f4
34.Re1g1 Qf4d2
35.Kf1 Qd2c1
36.Kf2 Rd8d2
37.Kg3 Rh2h6
38.Qc5c8 Kg7
39.Rg1xc1 Rh6g6
40.Bf3g4 Rd2d3
41.Kh4 Rg6h6
42.Kg5 Rd3g3
43.Qc8c7 Rh6g6
44.Kf5 Rg3xg4
45.Qc7xe5 Kf8
46.Qe5h8 Ke7
47.Qh8e5 Kf8
48.Qe5b8 Kg7
49.Qb8xb7 Rg6g5
{ resign }
0-1

[Event "Tourn. n8810"]
[Site "www.chess-mail.com"]
[Date "2016.06.24"]
[Round "1"]
[White "Derfel83"]
[Black "Oroden"]
[WhiteElo "2060"]
[BlackElo "2139"]
[Result "0-1"]
[Round "1"]
1.c4 Ng8f6
2.Nb1c3 e5
3.g3 Bf8b4
4.Qd1b3 Nb8c6
5.e3 O-O
6.Bf1g2 Bb4xc3
7.Qb3xc3 d5
8.d4 exd4
9.exd4 dxc4
10.Ng1f3 Nf6d5
11.Qc3xc4 Rf8e8
12.Nf3e5 Nc6xe5
13.dxe5 Re8xe5
14.Kf1 Nd5b6
15.Qc4c2 Bc8f5
16.Qc2d2 Qd8e8
17.Bg2f3 Bf5h3
18.Bf3g2 Qe8c6
19.Rh1g1 Qc6c4
{ resign }
0-1

[Event "Tourn. n8821"]
[Site "www.chess-mail.com"]
[Date "2016.06.24"]
[Round "1"]
[White "Faerieking"]
[Black "Ejner"]
[WhiteElo "2240"]
[BlackElo "2410"]
[Result "0-1"]
[Round "1"]
1.e4 e6
2.d4 d5
3.Nb1c3 dxe4
4.Nc3xe4 Nb8d7
5.Ng1f3 Ng8f6
6.Bc1g5 h6
7.Bg5xf6 Nd7xf6
8.Ne4xf6 Qd8xf6
9.Bf1b5 c6
10.Bb5a4 b5
11.Ba4b3 c5
12.c3 Bc8b7
13.dxc5 Bb7xf3
14.gxf3 Bf8xc5
{ resign }
0-1

[Event "Tourn. n8631"]
[Site "www.chess-mail.com"]
[Date "2016.06.24"]
[Round "1"]
[White "Goofy"]
[Black "Gearoidmac"]
[WhiteElo "2310"]
[BlackElo "2299"]
[Result "1-0"]
[Round "1"]
1.e4 e6
2.Nb1c3 d5
3.d4 Bf8b4
4.e5 c5
5.a3 Bb4xc3
6.bxc3 Ng8e7
7.Qd1g4 Qd8c7
8.Qg4xg7 Rh8g8
9.Qg7xh7 cxd4
10.Ng1e2 Nb8c6
11.f4 dxc3
12.Qh7d3 Bc8d7
13.Ra1b1 O-O-O
14.Qd3xc3 d4
15.Qc3d3 Ne7f5
16.Rh1g1 Nc6a5
17.g4 Bd7a4
18.gxf5 Ba4xc2
19.Qd3b5 d3
20.Rg1xg8 Rd8xg8
21.Ne2g3 a6
22.Qb5b6 Bc2xb1
23.Qb6xb1 Rg8d8
24.Ng3e4 Kb8
25.fxe6 fxe6
26.Bc1d2 Na5c4
27.Bf1xd3 Nc4xd2
28.Kxd2 Rd8h8
29.Qb1b4 Rh8xh2
30.Bd3e2 Qc7c6
31.Qb4d6 Qc6xd6
32.exd6 Kc8
33.Ke3 Kd7
34.Be2g4 Rh2h4
35.Kd4 Kc6
36.Bg4xe6 { resign }
1-0

[Event "Tourn. n8759"]
[Site "www.chess-mail.com"]
[Date "2016.06.24"]
[Round "1"]
[White "Piekki"]
[Black "Faerieking"]
[WhiteElo "2290"]
[BlackElo "2270"]
[Result "0-1"]
[Round "1"]
1.c4 Ng8f6
2.Nb1c3 e6
3.g3 c6
4.b3 d5
5.e3 Nb8d7
6.d4 Bf8b4
7.Ng1e2 dxc4
8.bxc4 Nf6e4
9.Qd1c2 f5
10.Bf1g2 Nd7f6
11.Bc1b2 O-O
12.O-O Ne4xc3
13.Ne2xc3 Qd8c7
14.Rf1c1 Bc8d7
15.Ra1b1 Ra8c8
16.Qc2b3 Bb4e7
17.d5 Kh8
18.Bb2a1 b6
19.Qb3b2 e5
20.e4 fxe4
21.Nc3xe4 Nf6xe4
22.Bg2xe4 Be7c5
23.Rc1f1 cxd5
24.cxd5 Bd7h3
25.Be4g2 Bh3xg2
26.Kxg2 Bc5d4
27.Qb2d2 Qc7c5
28.Ba1xd4 Qc5xd5
{ resign }
0-1